|
|
|
|
| LEADER |
00000cam a22000004a 4500 |
| 001 |
musev2_110694 |
| 003 |
MdBmJHUP |
| 005 |
20230905054504.0 |
| 006 |
m o d |
| 007 |
cr||||||||nn|n |
| 008 |
230103t20232023cou o 00 0 eng d |
| 010 |
|
|
|z 2022060184
|
| 020 |
|
|
|a 9781646424009
|
| 020 |
|
|
|z 9781646423996
|
| 035 |
|
|
|a (OCoLC)1358757869
|
| 040 |
|
|
|a MdBmJHUP
|c MdBmJHUP
|
| 100 |
1 |
|
|a Wilkinson, Kenneth P.,
|d 1938-1993,
|e author.
|
| 245 |
1 |
4 |
|a The Community in Rural America /
|c Kenneth P. Wilkinson.
|
| 250 |
|
|
|a Revised edition.
|
| 264 |
|
1 |
|a Louisville :
|b University Press of Colorado,
|c [2023]
|
| 264 |
|
3 |
|a Baltimore, Md. :
|b Project MUSE,
|c 2023
|
| 264 |
|
4 |
|c ©[2023]
|
| 300 |
|
|
|a 1 online resource.
|
| 336 |
|
|
|a text
|b txt
|2 rdacontent
|
| 337 |
|
|
|a computer
|b c
|2 rdamedia
|
| 338 |
|
|
|a online resource
|b cr
|2 rdacarrier
|
| 490 |
0 |
|
|a Society and natural resources
|
| 520 |
|
|
|a "This revised edition of The Community in Rural America, by Kenneth P. Wilkinson presents Wilkinson's ground-breaking work in its original form and contains a new foreword aimed at clarifying several key concepts in interactional theory"--
|c Provided by publisher.
|
| 588 |
|
|
|a Description based on print version record.
|
| 650 |
|
0 |
|a Community life.
|
| 650 |
|
0 |
|a Communities.
|
| 650 |
|
0 |
|a Sociology, Rural.
|
| 650 |
|
0 |
|a Rural development
|z United States.
|
| 651 |
|
0 |
|a United States
|x Rural conditions.
|
| 655 |
|
7 |
|a Electronic books.
|2 local
|
| 710 |
2 |
|
|a Project Muse.
|e distributor
|
| 830 |
|
0 |
|a Book collections on Project MUSE.
|
| 856 |
4 |
0 |
|z Texto completo
|u https://projectmuse.uam.elogim.com/book/110694/
|
| 945 |
|
|
|a Project MUSE - Custom Collection
|
| 945 |
|
|
|a Project MUSE - 2023 Complete
|
| 945 |
|
|
|a Project MUSE - 2023 Global Cultural Studies
|
| 945 |
|
|
|a Project MUSE - 2023 American Studies
|